Normal view
MARC view
Entry Topical Term
001 - CONTROL NUMBER
- control field: 76365
003 - CONTROL NUMBER IDENTIFIER
- control field: OSt
005 - DATE AND TIME OF LATEST TRANSACTION
- control field: 20190824171017.0
008 - FIXED-LENGTH DATA ELEMENTS
- fixed length control field: 190824|| aca||aabn | a|a d
040 ## - CATALOGING SOURCE
- Original cataloging agency: OSt
- Transcribing agency: OSt
150 ## - HEADING--TOPICAL TERM
- Topical term or geographic name entry element: Education
670 ## - SOURCE DATA FOUND
- Source citation: Work cat.: (OSt): Sharma, S K 76364, History of Education , 2017









